Ciencia y ficción /
Guardado en:
| Otros Autores: | , , |
|---|---|
| Formato: | Libro |
| Publicado: |
Buenos Aires :
Ministerio de Educación,
2014
|
| Series: | Colección narrativas
|
| Materias: | |
| Etiquetas: |
Agregar Etiqueta
Sin Etiquetas, Sea el primero en etiquetar este registro!
|
| LEADER | 02025nam a22003855a 4500 | ||
|---|---|---|---|
| 001 | CEM.cems018362 | ||
| 008 | 130507s2014##################000#0#####d | ||
| 005 | 20211110171843.0 | ||
| 003 | CEMS | ||
| 245 | 0 | 0 | |a Ciencia y ficción / |c Dirigida Por Margarita Eggers Lan y Compilado Por Guillermo Martínez y Paula Bombara |
| 260 | |a Buenos Aires : |b Ministerio de Educación, |c 2014 | ||
| 300 | |a 136 p. | ||
| 490 | 0 | |a Colección narrativas | |
| 500 | |a Prólogo de Guillermo Martínez y Paula Bombara | ||
| 505 | 0 | |a El idioma analítico de John Wilkins / Jorge Luis Borges -- El tesoro de la juventud / Julio Cortázar -- El peligro de los clásicos / Boris Vian -- Yzur / Leopoldo Lugones -- Pronóstico / Eduardo Abel Giménez -- La columna vertebral / Ana María Shua -- La aventura de un automovilista / Italo Calvino -- La biblioteca universal / Kurd Lasswitz -- La muerte y las aves / María Teresa Andruetto -- Vanadio / Primo Levi -- La zona de influencia / Pablo de Santis -- Punta roja / Daniel Diez -- La verdad sobre el caso del señor Valdemar / Edgar Allan Poe -- El viaje circular / Rodolfo Walsh | |
| 590 | |a 1275.015 | ||
| 020 | |a 9789500010139 | ||
| 700 | 1 | |a Martínez, Guillermo, coord. | |
| 700 | 1 | |a Bombara, Paula, coord. | |
| 700 | 1 | |a Eggers Lan, Margarita, dir. | |
| 082 | 0 | 4 | |a 808.8 |
| 653 | |a Literatura | ||
| 653 | |a Antología literaria | ||
| 653 | |a Narrativas | ||
| 653 | |a Cuentos | ||
| 653 | |a Plan nacional de lectura | ||
| 653 | |a Literatura y ciencia | ||
| 653 | |a Biblioteca TC | ||
| 859 | |a CEMS |b BIB. CEMS - Agricultura |h 808.8 |i C487 |p A2185.14 |t Ej.1 | ||
| 859 | |a CEMS |b BIB. CEMS - 11 de abril |h 808.8 |i M366 |p 27113.15 |t Ej.1 |v TC | ||
| 859 | |a CEMS |b BIB. CEMS - Agricultura |h 808.8 |i C487 |p A2186.14 |t Ej.2 | ||
| 859 | |a CEMS |b BIB. CEMS - Agricultura |h 808.8 |i C487 |p A2187.14 |t Ej.3 | ||
| 859 | |a CEMS |b BIB. CEMS - Agricultura |h 808.8 |i C487 |p A2188.14 |t Ej.4 | ||
| 859 | |a CEMS |b BIB. CEMS - Agricultura |h 808.8 |i C487 |p A2859.16 |t Ej.5 | ||
| 859 | |a CEMS |b BIB. CEMS - 11 de abril |h TC |p 1275.015 |t Ej.6 | ||
